000 01011nam a22003137a 4500
003 CHAP
005 20220329134727.0
008 971013s1974 r 00010 d
010 _a24912
011 _a25884
035 _a29984
040 _cCHAP
082 _a636.08
_bS42
100 0 0 _aSjoberg, Karl-Erik.
_9106808
245 _aCattle production in Africa
260 _aUppsala, Sweden :
_bCollege of Agriculture. Department of Animal Breeding,
_c1974
300 _a91 h.
_b; mapas ; apénd.
490 _aRural development studies
_v; 2
590 _aBATCH-UPD
_b10
_c20130110
_lUCH01
_h2120
590 _aBATCH-UPD
_b10
_c20130410
_lUCH01
_h1430
590 _aBATCH-UPD
_b10
_c20130914
_lUCH01
_h1457
590 _aCONVERSION
_b10
_c20130109
_lUCH01
_h1314
650 1 4 _aGanadería
_xAfrica.
_944605
700 0 _aPerson, Sven.
_987323
830 0 _aRural development studies
_v; 2
_9100914
901 _aBK
942 _cLIBRO
949 _a636.08 S42
_bBC
_cLIBRO
_d33724000264602
_eLIBRO
_h34980
_i29984
_mD
_si
999 _c24912
_d24912